| 000 | 00466nam a2200181 a 4500 | ||
|---|---|---|---|
| 005 | 20140412111232.0 | ||
| 008 | 070904s19uu xx 00 eng d | ||
| 020 | _a0-673-23900-4 | ||
| 050 |
_aTR(GS 510 _bI57 1988 |
||
| 100 | _aBolster, Carey | ||
| 245 |
_aInvitation to Mathematics K / _cCarey Bolster. |
||
| 260 |
_aNew Jersey : _bScott Foresman, _c1988. |
||
| 300 | _a144 | ||
| 650 | _aMathematics | ||
| 999 |
_c102214 _d102214 |
||